Statistics for Counties of New England

Click here to take the quiz!

General Stats

  • This quiz has been taken 9 times
  • The average score is 32 of 67

Answer Stats

County% Correct
Washington
100%
Washington
100%
Washington
100%
Worcester
100%
Hartford
89%
Newport
89%
Providence
89%
Barnstable
78%
Newhaven
78%
New London
78%
Suffolk
78%
Bristol
67%
Bristol
67%
Essex
67%
Essex
67%
Fairfield
67%
Kent
67%
Middlesex
67%
Middlesex
67%
Nantucket
67%
Norfolk
67%
Plymouth
67%
York
67%
Franklin
56%
Franklin
56%
Franklin
56%
Lincoln
56%
Waldo
56%
Bennington
44%
Coos
44%
Cumberland
44%
Dukes
44%
Grand Isle
44%
Hampden
44%
Hampshire
44%
Litchfield
44%
Orange
44%
Rutland
44%
Tolland
44%
Windham
44%
Windham
44%
Addison
33%
Berkshire
33%
Chittenden
33%
Grafton
33%
Hillsborough
33%
Kennebec
33%
Rockingham
33%
Windsor
33%
Androscoggin
22%
Aroostook
22%
Hancock
22%
Knox
22%
Merrimack
22%
Orleans
22%
Oxford
22%
Penobscot
22%
Belknap
11%
Caledonia
11%
Chesire
11%
Lamoille
11%
Piscataquis
11%
Sagadahoc
11%
Somerset
11%
Strafford
11%
Sullivan
11%
Carroll
0%

Score Distribution

Percentile by Number Answered

Percent of People with Each Score

Your Score History

You have not taken this quiz